00404 2200169 4500001002100000005001500021008004100036035001900077041000700096082001000103090001600113100001900129245002100148260002700169300001800196650002000214INLIS00000000001541920241224114930241224||||||||| | ||| |||| || |  0010-1224015419 aid0 a613.8 a613.8 ABU g0 aAbu Al-Ghifari00aGENERASI NARKOBA aBandungbMijahidc2002 a64hlm;21x21cm 0aIlmu Kedokteran